Statistics for Healthiest & Unhealthiest Countries

Click here to take the quiz!

General Stats

  • This quiz has been taken 344 times
  • The average score is 39 of 60

Answer Stats

HintAnswer% Correct
Healthiest28United States
98%
Healthiest9Canada
91%
Healthiest27Japan
91%
Healthiest11Norway
91%
Healthiest3Sweden
91%
Healthiest5United Kingdom
91%
Healthiest6Finland
87%
Healthiest20Italy
87%
Healthiest24France
86%
Healthiest7Spain
86%
Healthiest15Germany
85%
Healthiest16Denmark
84%
Healthiest10Australia
83%
Healthiest1Iceland
81%
Healthiest8Netherlands
79%
Healthiest30New Zealand
79%
Healthiest22Portugal
78%
Healthiest19Switzerland
78%
Healthiest18Belgium
76%
Healthiest13Ireland
75%
Unhealthiest4Niger
75%
Unhealthiest26Nigeria
70%
Unhealthiest2Somalia
70%
Unhealthiest29Sudan
70%
Unhealthiest6DR Congo
69%
Unhealthiest5Chad
68%
Healthiest26Greece
67%
Healthiest12Luxembourg
67%
Unhealthiest3South Sudan
66%
Unhealthiest15Ethiopia
65%
Unhealthiest30Rep. of the Congo
65%
Healthiest2Singapore
62%
Unhealthiest8Mali
60%
Unhealthiest22Rwanda
60%
Unhealthiest16Uganda
60%
Unhealthiest7Burundi
55%
Unhealthiest14Guinea
55%
Healthiest4Andorra
54%
Unhealthiest1Central African Republic
54%
Unhealthiest10Sierra Leone
52%
Unhealthiest19Angola
51%
Unhealthiest24Benin
51%
Unhealthiest27Eritrea
51%
Healthiest29Estonia
51%
Healthiest23Israel
51%
Unhealthiest23Liberia
51%
Unhealthiest21Malawi
51%
Unhealthiest25Togo
51%
Unhealthiest13Guinea-Bissau
50%
Unhealthiest9Afghanistan
49%
Unhealthiest18Cameroon
49%
Unhealthiest12Mozambique
48%
Unhealthiest17Burkina Faso
46%
Healthiest14Malta
46%
Unhealthiest28Cote d'Ivoire
43%
Unhealthiest20Lesotho
41%
Unhealthiest11Madagascar
41%
Healthiest25Slovenia
41%
Healthiest17Cyprus
33%
Healthiest21Brunei
22%

Score Distribution

Percentile by Number Answered

Percent of People with Each Score

Your Score History

You have not taken this quiz